| 000 | 00455nam a2200169 a 4500 | ||
|---|---|---|---|
| 005 | 20140414132109.0 | ||
| 008 | 110512s19uu xx 00 eng d | ||
| 020 | _a9780545103725 | ||
| 050 |
_aFIC _bSti856 2003 |
||
| 100 | _aStilton, Geronimo | ||
| 245 | _aPeculiar pumpkin thief (The). | ||
| 260 |
_aNew York : _bScholastic Inc., _c2003. |
||
| 300 | _a95 | ||
| 440 | _aGeronimo Stilton | ||
| 650 |
_aHalloween character- _xfiction. |
||
| 999 |
_c114704 _d114704 |
||